Generation of giants : (Record no. 4958)
[ view plain ]
| 000 -LEADER | |
|---|---|
| fixed length control field | 00598nam a2200157 4500 |
| 008 - FIXED-LENGTH DATA ELEMENTS--GENERAL INFORMATION | |
| fixed length control field | 011121s1962 us 0 engYA |
| 090 ## - LOCALLY ASSIGNED LC-TYPE CALL NUMBER (OCLC); LOCAL CALL NUMBER (OCLC) | |
| Classification number (OCLC) (R) ; Classification number, CALL (RLIN) (NR) | BX3746 |
| Local cutter number (OCLC) ; Book number/undivided call number, CALL (RLIN) | .C5 |
| -- | D92 |
| 100 1# - MAIN ENTRY--PERSONAL NAME | |
| Personal name | Dunne, George H. |
| 245 10 - TITLE STATEMENT | |
| Title | Generation of giants : |
| Remainder of title | the story of Jesuits in China in the last decades of the Ming Dynasty / |
| Statement of responsibility, etc | George H. Dunne. |
| 260 ## - PUBLICATION, DISTRIBUTION, ETC. (IMPRINT) | |
| Place of publication, distribution, etc | Indiana : |
| Name of publisher, distributor, etc | University of Notre Dame, |
| Date of publication, distribution, etc | c1962. |
| 300 ## - PHYSICAL DESCRIPTION | |
| Extent | 389 p. : |
| Other physical details | ills., ports. |
| 504 ## - BIBLIOGRAPHY, ETC. NOTE | |
| Bibliography, etc | Biblio: pp. 371-380 |
| 650 #4 - SUBJECT ADDED ENTRY--TOPICAL TERM | |
| Topical term or geographic name as entry element | Jesuits |
| General subdivision | History |
| Chronological subdivision | 15 century. |
| 651 #4 - SUBJECT ADDED ENTRY--GEOGRAPHIC NAME | |
| Geographic name | Jesuits |
| Geographic subdivision | China. |
| 951 ## - EQUIVALENCE OR CROSS-REFERENCE-GEOGRAPHIC NAME/AREA NAME [OBSOLETE] [CAN/MARC only] | |
| General subdivision | 00017387 |
| 951 ## - EQUIVALENCE OR CROSS-REFERENCE-GEOGRAPHIC NAME/AREA NAME [OBSOLETE] [CAN/MARC only] | |
| -- | 21396 |
| -- | BX3746/.C5/D92 |
| -- | 070613111019671 |
| -- | 2000-12-21 |
| -- | GC |
| Withdrawn status | Lost status | Damaged status | Not for loan | Home library | Current library | Shelving location | Date acquired | Accession number | Shelving control number | Total Checkouts | Full call number | Barcode | Date last seen | Price effective from | Koha item type |
|---|---|---|---|---|---|---|---|---|---|---|---|---|---|---|---|
| BSOP Library | BSOP Library | GC | 12/21/2000 | 21396 | 127 | BX3746/.C5/D92 | 00017387 | 02/23/2013 | 02/23/2013 | Books |
